BABYMONSTER - Chansons de l'album DRIP - Statistiques

Statistiques générales
  • Ce quiz a été pris 18 fois
  • Le résultat moyen est 8 sur 9
Statistiques - réponses
Hint Réponse % Correct
DRIP 2 DRIP
100%
DRIP 5 BILLIONAIRE
86%
DRIP 1 CLIK CLAK
86%
DRIP 8 FOREVER
86%
DRIP 6 Love In My Heart
86%
DRIP 3 Love, Maybe
86%
DRIP 4 Really Like You
86%
DRIP Bonus BATTER UP (Remix) - Bonus Track
79%
DRIP 7 Woke Up In Tokyo (RUKA & ASA)
71%
Aucun quiz correspondant
Distribution des résultats
% des personnes avec chaque résultat
Percentile par nombre de réponses
Votre historique - résultats
Vous n’avez pas pris ce quiz